| 000 | 01037nam a2200301 i 4500 | ||
|---|---|---|---|
| 001 | 57420 | ||
| 003 | CO-BoRNBP | ||
| 005 | 20250701164107.0 | ||
| 007 | ta | ||
| 008 | 141031s2011 sp a0 sga d s spa d | ||
| 020 | _a9788415208143 | ||
| 040 |
_aCO-BoRNBP _bspa _erda _cCO-BoRNBP |
||
| 084 | _aA LIA1 | ||
| 100 | 1 |
_aLiao, Jimmy _d1958- _eautor _960622 |
|
| 245 | 1 | 3 |
_aEl sonido de los colores _cJimmy Liao ; traducido del chino Jordi Ainaud I Escudero |
| 250 | _aPrimera edición | ||
| 264 | 1 |
_aBarcelona _bBarbara Fiore _c2011 |
|
| 300 |
_a120 páginas _bilustraciones a color _c25 cm |
||
| 336 |
_atexto _btxt _2rdacontent |
||
| 337 |
_asin mediación _bn _2rdamedia |
||
| 338 |
_avolumen _bnc _2rdacarrier |
||
| 650 | 0 | 0 |
_aLiteratura infantil taiwanesa _ySiglo XX _2LEMB _960623 |
| 650 | 0 | 7 |
_aLibros ilustrados para niños _2LEMB _92001 |
| 650 | 0 | 7 |
_aColores _vÁlbum infantil _2LEMB _960624 |
| 650 | 0 | 4 |
_aÁlbumes infantiles taiwaneses _ySiglo XX _2LEMB _960625 |
| 700 |
_aAinaud Escudero, Jordi _etraductor _960626 |
||
| 942 |
_2loc _cBKLIT |
||
| 999 |
_c57420 _d57420 |
||